[Event "BI-2012-P-00030"]
[Site "LSS email"]
[Date "2012.04.20"]
[Round "?"]
[White "Udvari, Norbert"]
[Black "Orlov, Vladimir Borisovich"]
[Result "0-1"]
[WhiteElo "1874"]
[BlackElo "2178"]
[PlyCount "20"]
[EventDate "2012.04.22"]
[EventType "tourn (corr)"]
[EventRounds "10"]
[EventCountry "GER"]
[SourceTitle "Corr 2015"]
[Source "ChessBase"]
[SourceDate "2015.07.17"]
[SourceVersion "1"]
[SourceVersionDate "2015.07.17"]
[SourceQuality "1"]

1. d4 Nf6 2. c4 e6 3. Nc3 Bb4 4. Qc2 d5 5. a3 Bxc3+ 6. bxc3 0-0 7. cxd5 exd5 8. Bg5 c5 9. e3 Nbd7 10. Bd3 Qa5 0-1

[Event "BI-2011-F-00008"]
[Site "LSS email"]
[Date "2012.02.12"]
[Round "?"]
[White "Udvari, Norbert"]
[Black "Roques, Pascal"]
[Result "0-1"]
[WhiteElo "1874"]
[BlackElo "2204"]
[PlyCount "40"]
[EventDate "2012.02.15"]
[EventType "tourn (corr)"]
[EventRounds "10"]
[EventCountry "GER"]
[SourceTitle "Telechess CBM 153"]
[Source "ChessBase"]
[SourceDate "2013.03.14"]
[SourceVersion "1"]
[SourceVersionDate "2013.03.14"]
[SourceQuality "1"]

1. c4 Nc6 2. Nc3 e5 3. g3 Nf6 4. Bg2 Bc5 5. Nf3 d6 6. e3 0-0 7. 0-0 a6 8. d3 h6 9. a3 Ba7 10. Qc2 Be6 11. b4 Qd7 12. Bb2 Ne7 13. Rfd1 Rad8 14. Ne4 Nxe4 15. dxe4 f6 16. Nh4 Nc8 17. Rac1 Qf7 18. Bf1 Kh7 19. Rd2 g6 20. a4 a5 0-1

[Event "RA-2011-0-00173"]
[Site "LSS email"]
[Date "2011.12.19"]
[Round "?"]
[White "Udvari, Norbert"]
[Black "Sukhorskij, Vladimir Stanislavo"]
[Result "1/2-1/2"]
[WhiteElo "2027"]
[BlackElo "2142"]
[PlyCount "40"]
[EventDate "2011.12.02"]
[EventType "tourn (corr)"]
[EventRounds "6"]
[EventCountry "GER"]
[SourceTitle "Telechess CBM 155"]
[Source "ChessBase"]
[SourceDate "2013.07.16"]
[SourceVersion "1"]
[SourceVersionDate "2013.07.16"]
[SourceQuality "1"]

1. d4 Nf6 2. c4 e6 3. Nf3 b6 4. g3 Bb7 5. Bg2 Be7 6. Nc3 Ne4 7. Bd2 0-0 8. Qc2 Nxd2 9. Qxd2 d6 10. 0-0 Nd7 11. e4 a6 12. Rfe1 h6 13. a3 c5 14. d5 e5 15. Bh3 Re8 16. Qd3 Rb8 17. Ra2 Nf6 18. b4 Qc7 19. Rb1 g6 20. Rab2 Bc8 1/2-1/2

[Event "RB-2011-0-00126"]
[Site "LSS email"]
[Date "2011.08.04"]
[Round "?"]
[White "Udvari, Norbert"]
[Black "Schild, Reinhard"]
[Result "1/2-1/2"]
[WhiteElo "2021"]
[BlackElo "2014"]
[PlyCount "54"]
[EventDate "2011.07.18"]
[EventType "tourn (corr)"]
[EventRounds "6"]
[EventCountry "GER"]
[SourceTitle "Telechess CBM 151"]
[Source "ChessBase"]
[SourceDate "2012.11.13"]
[SourceVersion "1"]
[SourceVersionDate "2012.11.13"]
[SourceQuality "1"]

1. d4 d5 2. c4 e6 3. Nc3 c5 4. cxd5 exd5 5. Nf3 Nc6 6. Bg5 Be7 7. Bxe7 Ngxe7 8. dxc5 d4 9. Ne4 0-0 10. Rc1 Nf5 11. g3 Qd5 12. Nfd2 Qxa2 13. Bg2 Ne5 14. Nf3 Nc6 15. 0-0 Qxb2 16. Rb1 Qa2 17. g4 Nfe7 18. Nxd4 Bxg4 19. Rxb7 Rab8 20. Rxb8 Rxb8 21. Nxc6 Nxc6 22. Qd6 Qe6 23. Rd1 h6 24. Qxe6 Bxe6 25. f4 Ne7 26. Nd6 Rb2 27. Kf2 Bg4 1/2-1/2

[Event "BI-2011-P-00036"]
[Site "LSS email"]
[Date "2011.04.17"]
[Round "?"]
[White "Neumann, Ulrich"]
[Black "Udvari, Norbert"]
[Result "0-1"]
[WhiteElo "1679"]
[BlackElo "2027"]
[PlyCount "88"]
[EventDate "2011.04.20"]
[EventType "tourn (corr)"]
[EventRounds "10"]
[EventCountry "GER"]
[SourceTitle "Telechess CBM 155"]
[Source "ChessBase"]
[SourceDate "2013.07.16"]
[SourceVersion "1"]
[SourceVersionDate "2013.07.16"]
[SourceQuality "1"]

1. e4 c5 2. Nf3 Nc6 3. Bb5 g6 4. Bxc6 dxc6 5. d3 Bg7 6. h3 Nf6 7. Nc3 0-0 8. Be3 b6 9. Qd2 e5 10. Bh6 Qd6 11. Nh2 Nh5 12. Ng4 f6 13. 0-0-0 a5 14. g3 a4 15. Bxg7 Kxg7 16. Ne2 a3 17. b3 f5 18. Qh6+ Kg8 19. exf5 Bxf5 20. f3 Be6 21. Qe3 Rae8 22. Rdf1 b5 23. Nf2 Nf6 24. Ne4 Nxe4 25. dxe4 c4 26. Rd1 Qb4 27. c3 Qe7 28. b4 Rd8 29. Rxd8 Rxd8 30. f4 c5 31. f5 gxf5 32. bxc5 fxe4 33. Qh6 Bf7 34. h4 Rd3 35. c6 b4 36. c7 Qxc7 37. Qg5+ Kf8 38. Qh6+ Ke8 39. Rf1 b3 40. Qa6 b2+ 41. Kb1 e3 42. Qxa3 Qb7 43. Qxb2 Qxb2+ 44. Kxb2 Rd2+ 0-1

[Event "BI-2011-P-00036"]
[Site "LSS email"]
[Date "2011.04.17"]
[Round "?"]
[White "Schroeder, Christoph"]
[Black "Udvari, Norbert"]
[Result "1-0"]
[WhiteElo "2214"]
[BlackElo "2027"]
[PlyCount "65"]
[EventDate "2011.04.20"]
[EventType "tourn (corr)"]
[EventRounds "10"]
[EventCountry "GER"]
[SourceTitle "Telechess CBM 157"]
[Source "ChessBase"]
[SourceDate "2013.11.12"]
[SourceVersion "1"]
[SourceVersionDate "2013.11.12"]
[SourceQuality "1"]

1. e4 e5 2. Nf3 d6 3. d4 exd4 4. Nxd4 Nf6 5. Nc3 Be7 6. Bf4 0-0 7. Qd2 c6 8. 0-0-0 b5 9. f3 b4 10. Na4 Bd7 11. g4 c5 12. Nf5 Bxa4 13. Nxe7+ Qxe7 14. Bxd6 Qb7 15. Bxf8 Kxf8 16. e5 Ne8 17. Bc4 Nc6 18. Qd5 Qe7 19. f4 Rd8 20. Qe4 g6 21. b3 Nd6 22. Qd3 Nxe5 23. fxe5 Qxe5 24. Kb1 Bc6 25. Rhe1 Qg5 26. Qf1 Nxc4 27. Rxd8+ Qxd8 28. Qxc4 Qd6 29. g5 Kg8 30. h4 a5 31. Qd3 Qc7 32. Qe2 a4 33. Qe7 1-0

[Event "BI-2010-F-00003"]
[Site "LSS email"]
[Date "2011.02.21"]
[Round "?"]
[White "Roberts, Anthony"]
[Black "Udvari, Norbert"]
[Result "1-0"]
[WhiteElo "2260"]
[BlackElo "2018"]
[PlyCount "91"]
[EventDate "2011.02.24"]
[EventType "tourn (corr)"]
[EventRounds "10"]
[EventCountry "GER"]
[SourceTitle "Telechess CBM 149"]
[Source "ChessBase"]
[SourceDate "2012.07.17"]
[SourceVersion "1"]
[SourceVersionDate "2012.07.17"]
[SourceQuality "1"]

1. d4 Nf6 2. c4 e6 3. Nf3 b6 4. g3 Ba6 5. b3 Bb4+ 6. Bd2 Be7 7. Bg2 c6 8. Bc3 d5 9. Nbd2 Nbd7 10. 0-0 0-0 11. Re1 c5 12. e4 dxe4 13. Nxe4 Bb7 14. Nfg5 cxd4 15. Bxd4 Nxe4 16. Nxe4 Qc7 17. Qh5 Rad8 18. Rad1 h6 19. Qe2 Bc6 20. Bb2 Bb4 21. Rf1 Be7 22. h4 a6 23. Qg4 e5 24. Qf5 g6 25. Qg4 h5 26. Qe2 f5 27. Ng5 Bxg2 28. Kxg2 Rfe8 29. Rd5 Bd6 30. Rfd1 Nf6 31. R5d2 Qc6+ 32. Kg1 Bc7 33. Rxd8 Bxd8 34. b4 b5 35. cxb5 Qxb5 36. Qc2 Qxb4 37. a3 Qe7 38. Qc4+ Kg7 39. Qxa6 Ne4 40. Qb5 Nf6 41. Bc3 Qc7 42. Qb3 Kh6 43. Bb4 f4 44. Qf7 Qxf7 45. Nxf7+ Kg7 46. Nxd8 1-0

[Event "BI-2010-F-00003"]
[Site "LSS email"]
[Date "2011.02.21"]
[Round "?"]
[White "Slezak, Robert"]
[Black "Udvari, Norbert"]
[Result "1-0"]
[WhiteElo "2159"]
[BlackElo "2018"]
[PlyCount "95"]
[EventDate "2011.02.24"]
[EventType "tourn (corr)"]
[EventRounds "10"]
[EventCountry "GER"]
[SourceTitle "Telechess CBM 149"]
[Source "ChessBase"]
[SourceDate "2012.07.17"]
[SourceVersion "1"]
[SourceVersionDate "2012.07.17"]
[SourceQuality "1"]

1. e4 e5 2. Nf3 Nc6 3. Bc4 Bc5 4. 0-0 Nf6 5. d4 Bxd4 6. Nxd4 Nxd4 7. f4 d6 8. fxe5 dxe5 9. Bg5 Qe7 10. Na3 Be6 11. c3 Bxc4 12. Bxf6 gxf6 13. Nxc4 Ne6 14. Qa4+ c6 15. Kh1 Nc5 16. Qc2 Qe6 17. Ne3 0-0-0 18. b4 Na6 19. Rf3 Nc7 20. Raf1 Ne8 21. c4 h5 22. b5 Kb8 23. bxc6 Qxc6 24. c5 Rd4 25. Nd5 Rf8 26. h3 h4 27. Kh2 Nc7 28. Rxf6 Qa4 29. Qb1 Nxd5 30. exd5 Rxd5 31. c6 b6 32. Qh7 Rdd8 33. Qf5 Rfe8 34. Rc1 Ka8 35. Rxf7 Qf4+ 36. Qxf4 exf4 37. Rxf4 Rd2 38. a4 Kb8 39. Rxh4 Rg8 40. Rg4 Rxg4 41. c7+ Kc8 42. hxg4 Rd4 43. Kg3 Rxa4 44. g5 b5 45. Rc5 Ra6 46. Rxb5 Kxc7 47. Kh4 Kd7 48. Kh5 1-0

[Event "WC-2015-P-00008"]
[Site "LSS email"]
[Date "2011.02.20"]
[Round "?"]
[White "Ballero, Andrea"]
[Black "Udvari, Norbert"]
[Result "0-1"]
[WhiteElo "1579"]
[BlackElo "2034"]
[PlyCount "52"]
[EventDate "2011.02.24"]
[EventType "tourn (corr)"]
[EventRounds "6"]
[EventCountry "GER"]
[SourceTitle "Telechess CBM 157"]
[Source "ChessBase"]
[SourceDate "2013.11.12"]
[SourceVersion "1"]
[SourceVersionDate "2013.11.12"]
[SourceQuality "1"]

1. e4 e5 2. Nf3 Nc6 3. Bb5 Nf6 4. Nc3 Bb4 5. 0-0 0-0 6. d3 d6 7. Bg5 Bxc3 8. bxc3 Qe7 9. Re1 Nd8 10. d4 Ne6 11. Bc1 c5 12. Bf1 Rd8 13. d5 Nc7 14. c4 Bd7 15. a4 h6 16. h3 Qe8 17. Nh4 Qe7 18. Nf5 Bxf5 19. exf5 Re8 20. Ra3 Qd7 21. g4 Na6 22. h4 Nh7 23. Rh3 Rab8 24. f6 Nxf6 25. g5 Nh7 26. gxh6 gxh6 0-1

[Event "WC-2015-P-00008"]
[Site "LSS email"]
[Date "2011.02.20"]
[Round "?"]
[White "Udvari, Norbert"]
[Black "Markus, Roland"]
[Result "0-1"]
[WhiteElo "2034"]
[BlackElo "2197"]
[PlyCount "38"]
[EventDate "2011.02.24"]
[EventType "tourn (corr)"]
[EventRounds "6"]
[EventCountry "GER"]
[SourceTitle "Telechess CBM 157"]
[Source "ChessBase"]
[SourceDate "2013.11.12"]
[SourceVersion "1"]
[SourceVersionDate "2013.11.12"]
[SourceQuality "1"]

1. d4 d5 2. c4 c6 3. Nf3 Nf6 4. Nc3 a6 5. c5 Nbd7 6. Bf4 Nh5 7. Bd2 Nhf6 8. Qc2 g6 9. g3 e5 10. dxe5 Ng4 11. e6 Nxc5 12. exf7+ Kxf7 13. e4 Bg7 14. Ng5+ Kg8 15. h3 Ne5 16. 0-0-0 h6 17. Be3 Qa5 18. f4 hxg5 19. fxg5 Bg4 0-1

[Event "LSS RA-2010-0-00120"]
[Site "LSS email"]
[Date "2011.01.27"]
[Round "?"]
[White "Kudryavtsev, Vadim"]
[Black "Udvari, Norbert"]
[Result "1/2-1/2"]
[WhiteElo "2088"]
[BlackElo "1984"]
[PlyCount "41"]
[EventDate "2010.12.29"]
[EventType "tourn (corr)"]
[EventRounds "6"]
[EventCountry "GER"]
[SourceTitle "Telechess CBM 147"]
[Source "ChessBase"]
[SourceDate "2012.03.16"]
[SourceVersion "1"]
[SourceVersionDate "2012.03.16"]
[SourceQuality "1"]

1. d4 d5 2. c4 e6 3. Nf3 c6 4. Nbd2 f5 5. g3 Nf6 6. Bg2 Nbd7 7. 0-0 Bd6 8. Qc2 0-0 9. a3 Qe7 10. b4 a6 11. Bb2 Ne4 12. c5 Bc7 13. e3 e5 14. Nxe5 Nxe5 15. dxe5 Bxe5 16. Bxe5 Qxe5 17. Nb3 Bd7 18. Rad1 Be8 19. Nd4 Bg6 20. Rfe1 Qf6 21. a4 1/2-1/2

[Event "CP-2010-P-00015"]
[Site "LSS email"]
[Date "2010.09.28"]
[Round "?"]
[White "Hrubaru, Mircea"]
[Black "Udvari, Norbert"]
[Result "1-0"]
[WhiteElo "2150"]
[BlackElo "1973"]
[PlyCount "55"]
[EventDate "2010.10.01"]
[EventType "tourn (corr)"]
[EventRounds "6"]
[EventCountry "GER"]
[SourceTitle "Telechess CBM 147"]
[Source "ChessBase"]
[SourceDate "2012.03.16"]
[SourceVersion "1"]
[SourceVersionDate "2012.03.16"]
[SourceQuality "1"]

1. d4 d5 2. c4 c6 3. Nf3 Nf6 4. Qc2 e6 5. Bg5 h6 6. Bh4 dxc4 7. Qxc4 b5 8. Qc2 Bb7 9. e3 Nbd7 10. Bd3 Rc8 11. 0-0 Be7 12. Qe2 0-0 13. Rd1 a6 14. a4 Nd5 15. Bxe7 Qxe7 16. Nc3 N5f6 17. Rac1 e5 18. Nh4 g6 19. Bxg6 fxg6 20. Nxg6 Qe6 21. Nxf8 Rxf8 22. Qc2 Kg7 23. Ne2 Ng4 24. dxe5 Ndxe5 25. Qc5 Bc8 26. h3 Nxf2 27. Nf4 Rxf4 28. exf4 1-0

[Event "CP-2010-P-00015"]
[Site "LSS email"]
[Date "2010.09.28"]
[Round "?"]
[White "Udvari, Norbert"]
[Black "Llorente Gonzalez, Begona"]
[Result "1-0"]
[WhiteElo "1973"]
[BlackElo "1352"]
[PlyCount "67"]
[EventDate "2010.10.01"]
[EventType "tourn (corr)"]
[EventRounds "6"]
[EventCountry "GER"]
[SourceTitle "Telechess CBM 147"]
[Source "ChessBase"]
[SourceDate "2012.03.16"]
[SourceVersion "1"]
[SourceVersionDate "2012.03.16"]
[SourceQuality "1"]

1. e4 e5 2. f4 exf4 3. Nf3 Nf6 4. e5 Nh5 5. d4 d6 6. Bc4 d5 7. Be2 g5 8. 0-0 Ng7 9. c4 dxc4 10. Bxc4 Be7 11. Nc3 0-0 12. d5 Bg4 13. Ne4 Nf5 14. g3 fxg3 15. Qd3 b5 16. Bxb5 c6 17. Bxg5 Qb6+ 18. Kg2 Qxb5 19. Qxb5 cxb5 20. Bxe7 Bxf3+ 21. Rxf3 Nxe7 22. Nf6+ Kh8 23. Rc1 Ng6 24. Re3 Kg7 25. Nh5+ Kh6 26. Nf6 Rd8 27. e6 fxe6 28. dxe6 Rf8 29. Ng4+ Kg5 30. Kxg3 h5 31. Rc5+ Rf5 32. h4+ Nxh4 33. Rc8 Ng6 34. e7 1-0

[Event "LSS RA-2010-0-00092"]
[Site "LSS email"]
[Date "2010.06.09"]
[Round "?"]
[White "Udvari, Norbert"]
[Black "Istomin, Sergei"]
[Result "1/2-1/2"]
[WhiteElo "2006"]
[BlackElo "2057"]
[PlyCount "87"]
[EventDate "2010.04.28"]
[EventType "tourn (corr)"]
[EventRounds "6"]
[EventCountry "GER"]
[SourceTitle "Telechess CBM 141"]
[Source "ChessBase"]
[SourceDate "2011.03.17"]
[SourceVersion "1"]
[SourceVersionDate "2011.03.17"]
[SourceQuality "1"]

1. d4 Nf6 2. c4 g6 3. Nc3 Bg7 4. e4 0-0 5. f4 d6 6. Nf3 c5 7. d5 e6 8. Be2 exd5 9. cxd5 Bg4 10. 0-0 Nbd7 11. h3 Bxf3 12. Bxf3 Re8 13. Re1 a6 14. a4 c4 15. Be3 Qa5 16. Qe2 Rac8 17. Qf2 Nc5 18. Bxc5 Qxc5 19. Qxc5 Rxc5 20. e5 dxe5 21. fxe5 Nd7 22. Ne4 Rc7 23. d6 Rcc8 24. Nf6+ Nxf6 25. exf6 Rxe1+ 26. Rxe1 Bxf6 27. d7 Rd8 28. Re8+ Kg7 29. Rxd8 Bxd8 30. Bxb7 a5 31. Kf2 Kf8 32. Bd5 Bf6 33. Bxc4 Ke7 34. b3 Kxd7 35. Bxf7 Ke7 36. Bg8 h5 37. Bc4 Bc3 38. Ke3 Kf6 39. Kd3 Bb4 40. Ke4 h4 41. Kd5 g5 42. Bd3 Be1 43. Ke4 Bb4 44. Kf3 1/2-1/2

[Event "LSS RA-2010-0-00092"]
[Site "LSS email"]
[Date "2010.05.28"]
[Round "?"]
[White "Herzog, Klaus"]
[Black "Udvari, Norbert"]
[Result "0-1"]
[WhiteElo "1909"]
[BlackElo "2021"]
[PlyCount "110"]
[EventDate "2010.04.28"]
[EventType "tourn (corr)"]
[EventRounds "6"]
[EventCountry "GER"]
[SourceTitle "Telechess CBM 141"]
[Source "ChessBase"]
[SourceDate "2011.03.17"]
[SourceVersion "1"]
[SourceVersionDate "2011.03.17"]
[SourceQuality "1"]

1. d4 e6 2. e4 d5 3. Nc3 c6 4. Nf3 Bb4 5. e5 Ne7 6. a3 Bxc3+ 7. bxc3 h6 8. Bd3 c5 9. 0-0 c4 10. Be2 Qa5 11. Qd2 Qa4 12. Nh4 0-0 13. f4 Nbc6 14. Rf3 Ng6 15. Nxg6 fxg6 16. Rg3 Ne7 17. Qd1 b6 18. Bd2 Bd7 19. Bf3 Qa5 20. Rh3 Rf7 21. Qc1 Raf8 22. Qb2 Nf5 23. Qb4 Qa4 24. Qxa4 Bxa4 25. Ra2 h5 26. Be2 Rc7 27. Kf2 Kf7 28. Rb2 b5 29. Ke1 a6 30. Kd1 Kg8 31. Kc1 Rcc8 32. Rb1 a5 33. Kb2 b4 34. axb4 axb4 35. cxb4 Nxd4 36. Bd1 Nb5 37. Ra1 Ra8 38. Be1 d4 39. Bf3 Ra7 40. Be2 c3+ 41. Kc1 Rfa8 42. Bd3 Nc7 43. Rb1 Bb5 44. Bf2 Bxd3 45. Rxd3 Nb5 46. Kd1 Rf7 47. g3 g5 48. Ke2 Ra2 49. Rc1 gxf4 50. Bxd4 f3+ 51. Kf1 Rd7 52. Bxc3 Rxd3 53. cxd3 Rxh2 54. Kg1 Rg2+ 55. Kf1 Rxg3 0-1

[Event "LSS RA-2010-0-00087"]
[Site "LSS email"]
[Date "2010.04.21"]
[Round "?"]
[White "Udvari, Norbert"]
[Black "Lovakovic, Franjo"]
[Result "1/2-1/2"]
[WhiteElo "1971"]
[BlackElo "2105"]
[PlyCount "62"]
[EventDate "2010.03.15"]
[EventType "tourn (corr)"]
[EventRounds "6"]
[EventCountry "GER"]
[SourceTitle "Telechess CBM 141"]
[Source "ChessBase"]
[SourceDate "2011.03.17"]
[SourceVersion "1"]
[SourceVersionDate "2011.03.17"]
[SourceQuality "1"]

1. d4 Nf6 2. c4 c5 3. d5 g6 4. Nc3 d6 5. e4 Bg7 6. Nf3 e6 7. h3 exd5 8. cxd5 a6 9. a4 Nbd7 10. Bd3 Nh5 11. Bg5 Bf6 12. Be3 Ne5 13. Be2 Nxf3+ 14. Bxf3 Ng7 15. Bf4 0-0 16. a5 Rb8 17. 0-0 b5 18. axb6 Rxb6 19. Na4 Rb4 20. Bd2 Rb8 21. Re1 Re8 22. Qc1 Be5 23. Nc3 f5 24. Ra2 Qf6 25. Bg5 Qf7 26. Bf4 Rb4 27. Bxe5 Rxe5 28. exf5 Rxe1+ 29. Qxe1 Nxf5 30. Bg4 Kf8 31. Qd2 Kg7 1/2-1/2

[Event "LSS BI-2010-P-00028"]
[Site "LSS email"]
[Date "2010.04.19"]
[Round "?"]
[White "Albesa, Alfredo Ricardo"]
[Black "Udvari, Norbert"]
[Result "0-1"]
[WhiteElo "1389"]
[BlackElo "2014"]
[PlyCount "32"]
[EventDate "2010.04.22"]
[EventType "tourn (corr)"]
[EventRounds "10"]
[EventCountry "GER"]
[SourceTitle "Corr 2013"]
[Source "ChessBase"]
[SourceDate "2012.11.12"]
[SourceVersion "1"]
[SourceVersionDate "2012.11.12"]
[SourceQuality "1"]

1. e4 e5 2. Nf3 Nc6 3. d4 exd4 4. Nxd4 Bc5 5. Nxc6 Qf6 6. Qf3 dxc6 7. Bc4 Be6 8. Bd3 0-0-0 9. Nc3 Bd4 10. 0-0 Kb8 11. Ne2 Bxb2 12. Bxb2 Qxb2 13. Rfb1 Qe5 14. Rxb7+ Kxb7 15. Rb1+ Ka8 16. c3 Nf6 0-1